CRAFTSMAN OF THE ARMY, THE STORY OF THE ROYAL ELECTRICAL AND MECHANICAL ENGINEERS 1969-1992 (Record no. 575131)
[ view plain ]
| 000 -LEADER | |
|---|---|
| fixed length control field | 00351nam a22001217a 4500 |
| 020 ## - INTERNATIONAL STANDARD BOOK NUMBER | |
| International Standard Book Number | 0-85052-549-7 |
| 082 ## - DEWEY DECIMAL CLASSIFICATION NUMBER | |
| Classification number | 358.2 CRA'K |
| 100 ## - MAIN ENTRY--PERSONAL NAME | |
| Personal name | KNEEN, J. M. BRIGADIERS |
| 9 (RLIN) | 67323 |
| 245 ## - TITLE STATEMENT | |
| Title | CRAFTSMAN OF THE ARMY, THE STORY OF THE ROYAL ELECTRICAL AND MECHANICAL ENGINEERS 1969-1992 |
| 260 ## - PUBLICATION, DISTRIBUTION, ETC. | |
| Place of publication, distribution, etc. | LONDON |
| Name of publisher, distributor, etc. | LEO COOPER |
| Date of publication, distribution, etc. | 1996 |
| 300 ## - PHYSICAL DESCRIPTION | |
| Extent | 723P |
| 942 ## - ADDED ENTRY ELEMENTS (KOHA) | |
| Koha item type | Book |
| Withdrawn status | Lost status | Damaged status | Not for loan | Permanent Location | Current Location | Shelving location | Date acquired | Total Checkouts | Full call number | Barcode | Date last seen | Price effective from | Koha item type |
|---|---|---|---|---|---|---|---|---|---|---|---|---|---|
| College of Electrical & Mechanical Engineering (CEME) | College of Electrical & Mechanical Engineering (CEME) | General Stacks | 08/01/2017 | 358.2 CRA'K | CEM-29810 | 06/28/2021 | 06/28/2021 | Book | |||||
| College of Electrical & Mechanical Engineering (CEME) | College of Electrical & Mechanical Engineering (CEME) | General Stacks | 08/01/2017 | 358.2 CRA'K | CEM-29811 | 06/28/2021 | 06/28/2021 | Book |
